000 00777nam a22002177a 4500
005 20160502114456.0
010 _a1516ENO7
020 _a9789351432555
_c595.00
035 _aB-611390-412
037 _adpl
_bUBH/Ven
082 _a345.5405
100 _aRatanlal
245 _aThe Criminal Procedure Code
_cby Ratan Lal and Dhirajlal:ed. by Supinder kaur
250 _a2014
260 _aGurgaon
_bLexis Nexis
270 _a14th floor,Bldg. no.10,Tower-B,DLF cyber city,Phase-2
_bGurgaon
_e122002
_k+911244774444
_l-
_m-
300 _a903p.
_bill.
_c24cm(pbk)
700 _aDhirajlal
942 _2ddc
_cEN
_h345.5405
_mRAT
999 _c95999
_d95999